000 00685nam a2200253Ia 4500
001 20936
003 DO-CoUTE
005 20260204212622.0
008 220104s9999 dr 000 0 spa d
020 _a978-958-762-405-2
040 _aDO-CoUTE
_bspa
_cDO-CoUTE
041 0 _aspa
082 _a337.7 B952a
110 _aInter consulting bureaus s.l
245 1 0 _aEnergia renovables / Inter consulting bureaus s.l
260 _aBogota,Colombia :Icb editores
300 _a138 páginas
500 _aMedio ambiente
650 4 _aIngenieria renovable
650 4 _aIngeniero
942 _2ddc
_cBK
999 _c21280
_d21280